000 00720nam a2200193 4500
001 110234
003 ES-MaACL
005 20250902073147.0
007 t|
008 061121s1962 sp r ||||1| spa d
245 0 0 _aOrdenación del salario
_b: ordenación de la retribución del trabajo por cuenta ajena. Decreto de 21 de septiembre de 1960. Orden de 8 de mayo de 1961. Disposiciones complementarias . Instrucciones para su aplicación.
260 _aMadrid :
_bGarcía Enciso,
_c1962.
300 _a51 p. ;
_c14 cm.
490 1 _aColección García Enciso
500 _aIndices.
830 0 0 _aColección "García Enciso"
_9176884
852 _aES-MaACL
_j2024-F-4
_bR.50376
999 _c110234
_d110234